007190000a22002170004500003001100000008004100011040003900052041000800091082001300099100002700112245009800139260008600237300000900323650001200332650001000344650002400354650001300378942000700391952008800398999001500486LK-CoMWRAF230817t ||||| |||| 00| 0 eng d aLK-CoMWRAFdLK-CoMWRAFeLK-CoMWRAF aeng a261bZAR aZarook, Al-Alim A.R.M. aMuslim Marriage Arrangements (in Sinhala) - (Muslim Vivaha Neethiya Pilibanda Viwaranayak) b bDepartment of Muslim Religious and Cultural AffairsaSri Lanka (Colombo 02)c1997 ap.52 aKaikuli aMahar aMuslim Personal Law aNafakkah cBK 00104070aMAINbMAINd2023-08-17l0o261 ZARpRAF4392r2023-08-17w2023-08-17yBK c1899d1899